Statystyki dla Hiperdoładowania Brawl Stars (05.2024)

Kliknij tutaj aby rozwiązać quiz!

Ogólne statystyki

  • Ten quiz został rozwiązany 71 razy
    (17 od ostatniego zresetowania)
  • Średni wynik to 6 z 30

Statystyki odpowiedzi

ZadymiarzHiperdoładowanie% Poprawnych
ShellyDubeltówka
82%
EdgarWyładowanie
45%
ColetteNastoletni Duch
36%
DynamikeDetonator
27%
LeonKameleon
27%
JessieZłomek 2.0
27%
LouBurza Slushie
18%
CordeliusCałkowita Ciemność
18%
KiełekCiernie
18%
GeneHiperdłonie
18%
MicoKontrola Dźwięku
18%
PearlPirolityka
18%
CharliePlaga
18%
ColtPodwójna Broń
18%
BibiPoza Granicami
18%
BrockSalwa Rakiet
18%
El PrimoSkok Grawitacyjny
18%
BuzzBudzik
9%
NitaHiperpodpora
9%
KiełKopniak Smoka
9%
BelleMagnes
9%
MaxNieograniczona Energia
9%
TickNieustępliwość
9%
KrukNoże Introligatorskie
9%
SpikeOkres Rozkwitu
9%
MaisiePokłosie
9%
RosaSilne Korzenie
9%
BullStalowe Szczęki
9%
SandySzybkie Wiatry
9%
JackyWydarzenie Sejsmiczne
9%

Rozkład punktacji

Percentyl według liczby udzielonych odpowiedzi

Procent ludzi z każdym wynikiem

Twoja historia wyników

Nie rozwiązałeś tego quizu od ostatniego zresetowania